| 000 | 01351nam a2200337 i 4500 | ||
|---|---|---|---|
| 003 | EG-GICUC | ||
| 005 | 20260210102624.0 | ||
| 008 | 260210s20071428ua ||||fr|||| 00| 0 ara d | ||
| 017 | _a2007/13607 | ||
| 020 | _a9771748238 | ||
| 040 |
_a EG-GICUC _bara _c EG-GICUC _d EG-GICUC _erda |
||
| 041 | _aara | ||
| 082 | 0 | 4 |
_221 _a343.91 _bف و . إ |
| 092 | 0 | 4 | _221 |
| 099 | _aLaw1 10 343.91 ف و . إ2007 | ||
| 100 | 0 |
_aفوزية عبد الستار _eمؤلف. |
|
| 245 | 1 | 2 |
_aالإسلام وحقوق الإنسان : _bدراسة موضوعية عن حقوق الإنسان في الإسلام وفضل الشريعة الإسلامية على العالمين / _cتأليف الدكتورة فوزية عبد الستار. |
| 264 | 3 |
_aالقاهرة : _bمؤسسة الاهرام، _c2007. |
|
| 300 |
_a200 صفحة ; _c24 سم. |
||
| 336 |
_2rda content _atext |
||
| 337 |
_2rda media _aComputer |
||
| 338 |
_2rda carrier _aOnline Resource |
||
| 504 | _aيشتمل على إرجاعات ببليوجرافية. | ||
| 546 | _aالنص باللغة العربية | ||
| 650 | 1 | _aالقانون الجنائي | |
| 650 | 1 | _aالنظام الجنائي الإسلامي | |
| 653 | _aالإسلام وحقوق الإنسان | ||
| 856 | 4 | 0 | _uhttps://fll.law.cu.edu.eg/fulltext/bks/B10-08393.pdf |
| 905 | _a43 | ||
| 942 |
_2ddc _n0 _cBK _e21 |
||
| 999 |
_c62358 _d62358 |
||